000 00769nam a2200253Ia 4500
003 OSt
005 20221005083622.0
006 a|||||r|||| 00| 0
007 ta
008 221004b |||||||| |||| 00| 0 eng d
020 _a9788190971935 (pbk)
_cIndian Rupees 200
024 _a39955
037 _bGift, 27/09/2018,
_cTextual
040 _aCRL
_cCRL
_beng
041 _2eng
_aeng
082 _aV2,8, Q3
100 _aIyer Harish P. Au.
_9612692
245 0 _aCompendium of selected e-governance initiatives in India - 2013
260 _aNew Delhi
_bVirtual Reality Books India
_c2013
300 _axvi,384p.
_ccm.
650 _aINDIA - HISTORY
942 _hV2,8, Q3
_cTEXL
_2cc
999 _c991291
_d991291